Reconciling Sustainable Development with Human well- being: India's vision for an inclusive future (Record no. 530455)

000 -LEADER
fixed length control field 01339nam a22001577a 4500
008 - FIXED-LENGTH DATA ELEMENTS--GENERAL INFORMATION
fixed length control field 250616b ||||| |||| 00| 0 eng d
100 ## - MAIN ENTRY--PERSONAL NAME
Personal name Naithani, Vidushi Dobhal and Semwal M.M
245 ## - TITLE STATEMENT
Title Reconciling Sustainable Development with Human well- being: India's vision for an inclusive future
260 ## - PUBLICATION, DISTRIBUTION, ETC. (IMPRINT)
Place of publication, distribution, etc Indian Journal of Political Science
300 ## - PHYSICAL DESCRIPTION
Extent 85(1), Jan-Mar, 2024: p.9-18
520 ## - SUMMARY, ETC.
Summary, etc Up until the 1960s the term 'development' lacked a specific meaning. It was in the Year 1987 and 1992 that the phrase 'sustainable development' gained prominence. Over time, the broader goals of 'social justice, the rational use of environment, or human well-being' were discussed as being essential. While India's Vision of the SDGs is comprehensive and aspirational, the current national and international context demands ad additional focus on human wee- being. This research paper undertakes a theoretical and analytical research design, based on secondary data, to look at the possibility of reconciling Sustainable Development with Human well- being and analysis the Trajectory of India's SDG Vision in this direction. Reproduced
650 ## - SUBJECT ADDED ENTRY--TOPICAL TERM
Topical term or geographic name as entry element Sustainable Development, Human well- being, Inclusivity, SDG Vision
9 (RLIN) 54414
906 ## - LOCAL DATA ELEMENT F, LDF (RLIN)
Subject DIP SUSTAINABLE DEVELOPMENT
942 ## - ADDED ENTRY ELEMENTS (KOHA)
Item type Articles
Holdings
Withdrawn status Lost status Source of classification or shelving scheme Damaged status Not for loan Permanent location Current location Date acquired Barcode Date last seen Koha item type
          Indian Institute of Public Administration Indian Institute of Public Administration 2025-06-16 AR136218 2025-06-16 Articles

Powered by Koha